000 00634nam a2200181Ia 4500
008 100921s9999 xx 000 0 und d
082 _b140
_a891.463 थ 11
100 _aआपटे हरी नारायण.
245 _aचाणाक्षपणाचा कळस!.
260 _bआंबेकर द.वा.पुणे.
_c1911
300 _a160
_b---
365 _b0
520 _aललित-कादंबरी.
630 _aचाणाक्षपणाचा कळस!.
650 _aललित-कादंबरी.
730 _aचाणाक्षपणाचा कळस!.
942 _cBOOK
999 _c749253
_d749250